Normal view MARC view

Entry Topical Term

Number of records used in: 1

001 - CONTROL NUMBER

  • control field: 5695

003 - CONTROL NUMBER IDENTIFIER

  • control field: HDC

005 - DATE AND TIME OF LATEST TRANSACTION

  • control field: 20230624073219.0

008 - FIXED-LENGTH DATA ELEMENTS

  • fixed length control field: 210120|| aca||aabn | a|a d

040 ## - CATALOGING SOURCE

  • Original cataloging agency: HDC
  • Transcribing agency: HDC

150 ## - HEADING--TOPICAL TERM

  • Topical term or geographic name entry element: Snack food

670 ## - SOURCE DATA FOUND

  • Source citation: Work cat.: (HDC): Azahar Harun author 5694, A Visual Analysis of Packaging and Labeling Design of Traditional Snack Foods in Context of Malay SME in Malacca / by , 2004
Halal Development Corporation Berhad (HDC)
5.02 Level 5, KPMG Tower, First Avenue, Persiaran Bandar Utama, 47800 Petaling Jaya, Selangor Darul Ehsan
Phone: +603 7965 5489 Email: [email protected]